V Spišskom Podhradí chýba pohotovosť za odborným vyšetrením cestujú do Levoče

Bibliographic Details
Main Author: Šimoňáková, Mária, 1978- (Author)
Format: Article
Language:Slovak
ISSN:1335-759X
Subjects:

MARC

LEADER 00000nab a2200000 ar4500
001 vtls008633246
003 SK-MaSNL
005 20260305040740.0
008 060321c20051104xo mr|p|||||||000 b|slo
038 |a SNSK 
040 |b slo  |c SNSK  |e AACR2 
041 0 |a slo 
044 |a xo  |c SK 
072 7 |a 614.8  |x Úrazy a ich prevencia  |2 konspekt 
080 |a 614.2  |2 UDC-MRF-SK2 
100 1 |a Šimoňáková, Mária,  |d 1978-  |4 aut  |9 115064 
245 1 0 |a V Spišskom Podhradí chýba pohotovosť  |b za odborným vyšetrením cestujú do Levoče  |c Mári Šimoňáková 
650 0 7 |a zdravotné zariadenia  |2 snsk  |9 1100130 
650 0 7 |a lekárska služba prvej pomoci  |2 snsk  |9 75030 
651 7 |a Spišské Podhradie (Slovensko)  |2 snsk  |9 26697 
651 7 |a Levoča (Slovensko : okres)  |2 snsk  |9 30131 
773 0 |t Spišský denník Korzár  |g Roč. VII., č. 255 (4.11.2005), s. 1.  |x 1335-759X 
852 |a SNSK  |b KIS3GCP 
999 |c 3340134  |d 3342064